Imposición de distinciones de la Cruz Roja
Publicado:
San Jorge, núm. 72 ( 4t trimestre 1968), pàg 69 :
MARC
| LEADER | 00000nam a2200000Ia 4500 | ||
|---|---|---|---|
| 001 | |||
| 008 | 160829s9999 xx 000 0 cat d | ||
| 245 | |a Imposición de distinciones de la Cruz Roja | ||
| 260 | |a San Jorge, núm. 72 ( 4t trimestre 1968), pàg 69 | ||
| 600 | 1 | 0 | |a Valls i Taberner, Josep, |d 1891-1967 |x Medalles |9 56132 |
| 650 | |a Blanch, Adriana |x Medalles |9 40400 | ||
| 650 | |a Suñol, Francisco |x Medalles I |9 40401 | ||
| 650 | |a Bargalló Salbadó, Juan |9 40402 | ||
| 650 | |a Tarragona Vilella, María Rosa |x Medalles |9 40403 | ||
| 901 | |a Arxiu | ||
| 942 | |n 1 | ||
| 952 | |0 0 |1 0 |4 0 |7 1 |9 49665 |a Arxiu |b Arxiu |d 2016-12-01 |l 0 |r 2016-12-01 00:00:00 |w 2016-12-01 |y ARXIU | ||
| 999 | |c 53507 |d 53507 | ||